Polar Shift / (Record no. 47441)
| 000 -LEADER | |
|---|---|
| fixed length control field | 00666nam a2200133 4500 |
| 020 ## - INTERNATIONAL STANDARD BOOK NUMBER | |
| International Standard Book Number | 9780425210482 |
| 100 ## - MAIN ENTRY--PERSONAL NAME | |
| Personal name | Cussler, Clive. |
| 9 (RLIN) | 7271 |
| 245 ## - TITLE STATEMENT | |
| Title | Polar Shift / |
| Statement of responsibility, etc | Clive Cussler with Paul Kemprecos. |
| 260 ## - PUBLICATION, DISTRIBUTION, ETC. (IMPRINT) | |
| Place of publication, distribution, etc | New York: |
| Name of publisher, distributor, etc | Berkly Books; |
| Date of publication, distribution, etc | 2007. |
| 300 ## - PHYSICAL DESCRIPTION | |
| Extent | 504 p. |
| Dimensions | 19 cm. |
| 520 ## - SUMMARY, ETC. | |
| Summary, etc | When the leader of an antiglobalization group plans to use the sixty-year-old findings of a Hungarian genius to create a polar shift and give the industrialized nations a jolt before reversing the effect, the NUMA Special Assignments Team must stop him.<br/> |
| 650 ## - SUBJECT ADDED ENTRY--TOPICAL TERM | |
| Topical term or geographic name as entry element | Marine scientists. Polar regions. Underwater exploration. |
| Form subdivision | Fiction. |
| 9 (RLIN) | 85411 |
| 942 ## - ADDED ENTRY ELEMENTS (KOHA) | |
| Source of classification or shelving scheme | |
| Koha item type | YA FIC BOOKS |
| Withdrawn status | Lost status | Source of classification or shelving scheme | Damaged status | Not for loan | Collection code | Home library | Current library | Date acquired | Full call number | Barcode | Date last seen | Price effective from | Koha item type |
|---|---|---|---|---|---|---|---|---|---|---|---|---|---|
| SECONDARY | Asian Hope Secondary Library | Asian Hope Secondary Library | 09/24/2024 | FIC CUS | 206138 | 01/16/2026 | 09/24/2024 | YA FIC BOOKS |